000 00614nam a2200205Ia 4500
001 16026
003 GE_BSU
008 181216s||||||||xx |||||||||||||| ||und||
040 _cGE_BSU
080 _a821.353.1-32
100 _aჯიჯიეიშვილი, ჯ.
245 _aმოთხრობები
245 _cრედ.შ.ზოიძე.. მხ.ი.ასლანოვა
260 _aბათუმი
260 _bსაბჭ. აჭარა
260 _c1971
300 _a74გვ. : 1ფ. პორტრ. ; 17სმ
653 _aმოთხრობები
942 _cBK
999 _c49117
_d49117